La Enciclopedia temática de Jalisco /

Presentación de los primeros seis volúmenes de la Enciclopedia temática de Jalisco, realizada el 28 de abril de 1993 por el lic. Fernando Martínez Réding, director de la enciclopedia; Don José Rogelio Alvarez, director de la Enciclopedia de México, y por el doctor José María Murià, presidente del Co...

ver descrição completa

Na minha lista:
Detalhes bibliográficos
Autor principal: Martínez Réding, Fernando (presen.)
Outros Autores: Alvarez, José Rogelio (presentación) (presentación), Murià, José María (presentación) (presentación)
Formato: Livro
Idioma:espanhol
Publicado em: Guadalajara, México : Gobierno del Estado de Jalisco, 1993, c1993
Assuntos:
Tags: Adicionar Tag
Sem tags, seja o primeiro a adicionar uma tag!

MARC

LEADER 00000nam^a2200000^a^4500
001 000186936
005 20250521000000.0
009 20260310102243.924
037 |a Acervo ITESO - Biblioteca 
041 |a ESP 
082 |a 972. 35003  |b MAR 
100 |a Martínez Réding, Fernando  |e (presen.) 
240 1 1 |a [Enciclopedia temática de Jalisco] 
245 1 3 |a La Enciclopedia temática de Jalisco /  |c Presen. de de F. Martínez Réding, J.R. Alvarez, J.M. Murià. 
264 4 |a Guadalajara, México :  |b Gobierno del Estado de Jalisco,  |c 1993, c1993 
300 |a 30 p. 
336 |a texto  |b txt  |2 rdacontenido 
337 |a sin mediación  |b n  |2 rdamedio 
338 |a volumen  |b nc  |2 rdasoporte 
520 |a Presentación de los primeros seis volúmenes de la Enciclopedia temática de Jalisco, realizada el 28 de abril de 1993 por el lic. Fernando Martínez Réding, director de la enciclopedia; Don José Rogelio Alvarez, director de la Enciclopedia de México, y por el doctor José María Murià, presidente del Colegio de Jalisco. Los tomos presentados son: 1. Geografía; 2. Historia; 3. Organización política; 4. Religión; 5. Educación y 6. Literatura. 
649 |a XX 
650 |a Jalisco -  |x Historia -  |x Enciclopedias y Diccionarios 
650 |a Jalisco -  |x Enciclopedias y Diccionarios 
700 |a Alvarez, José Rogelio  |e (presentación) 
700 |a Murià, José María  |e (presentación) 
910 |a Fondo Julio de la Peña Lomelín 
920 |a Impresos - Libros 
930 |a Arquitectos Jaliscienses 
905 |a 115 
901 |a 0500129103  |b IT1  |c JAL  |u 20250521 
902 |a https://opac.biblio.iteso.mx/vufind/Record/000186936